LEADER 02915nam 2200613 450 001 9910826767603321 005 20230721042551.0 010 $a1-4833-6198-5 010 $a1-4833-6415-1 035 $a(CKB)3710000000458769 035 $a(EBL)1661598 035 $a(OCoLC)923707315 035 $a(SSID)ssj0001530986 035 $a(PQKBManifestationID)12564813 035 $a(PQKBTitleCode)TC0001530986 035 $a(PQKBWorkID)11532546 035 $a(PQKB)10004036 035 $a(MiAaPQ)EBC1994362 035 $a(EXLCZ)993710000000458769 100 $a20150818h20072007 uy 0 101 0 $aeng 135 $aur|n|---||||| 181 $ctxt 182 $cc 183 $acr 200 10$aMemory 101 for educators /$fMarilee Sprenger ; indexer, Sylvia Coates ; cover designers, Lisa Miller, Scott Van Atta 210 1$aThousand Oaks, California :$cCorwin Press,$d2007. 210 4$dİ2007 215 $a1 online resource (153 p.) 300 $aDescription based upon print version of record. 311 $a1-4129-2773-0 311 $a1-4129-2772-2 320 $aIncludes bibliographical references and index. 327 $a""Cover""; ""Contents""; ""Preface""; ""Acknowledgments""; ""About the Author""; ""Introduction""; ""Chapter 1 - Memory 101: You can Always Remember if You N.E.V.E.R. F.O.R.G.E.T""; ""Chapter 2 - N = Notice: Intention Increases Retention""; ""Chapter 3 - E = Emote: Emotion is the Potion""; ""Chapter 4 - V = Visualize: A Picture in Your Mind Creates a Memory You can Find""; ""Chapter 5 - E = Exercise and Eat Right: Body and Brain are Yours to Train""; ""Chapter 6 - R = Rest: Memories Go Deep When You Get Enough Sleep"" 327 $a""Chapter 7 - F = Free Yourself of Stress: Lower Stress for Memory Success""""Chapter 8 - O = Organization: Put Information in its Place for a Strong Memory Trace""; ""Chapter 9 - R = Rehearse: Rehearsala???s a Way to Help Memories Stay""; ""Chapter 10 - G = Guard Your Brain: Avoid Some Pain and Protect Your Brain!""; ""Chapter 11 - E = Enrich Your Brain: New Directions Create New Connections""; ""Chapter 12 - T = Teach: Share What You Know and Feel Memories Grow""; ""Chapter 13 - The Reunion""; ""References""; ""Index"" 330 $a Uniquely entertaining and generously illustrated, this guide uses the latest research to strengthen your memory, train your brain, and help your students do the same. 606 $aMemory 606 $aLearning 606 $aMnemonics 615 0$aMemory. 615 0$aLearning. 615 0$aMnemonics. 676 $a371.102 700 $aSprenger$b Marilee$f1949-$01479599 702 $aCoates$b Sylvia 702 $aMiller$b Lisa 702 $aVan Atta$b Scott 801 0$bMiAaPQ 801 1$bMiAaPQ 801 2$bMiAaPQ 906 $aBOOK 912 $a9910826767603321 996 $aMemory 101 for educators$94009292 997 $aUNINA LEADER 02761nam 22005173 450 001 9910919826503321 005 20251116213928.0 010 $a9783031712975 010 $a3031712978 035 $a(CKB)37115962500041 035 $a(MiAaPQ)EBC31867656 035 $a(Au-PeEL)EBL31867656 035 $a(OCoLC)1493054181 035 $a(BIP)119692590 035 $a(BIP)115370195 035 $a(EXLCZ)9937115962500041 100 $a20250103d2025 uy 0 101 0 $aeng 135 $aur||||||||||| 181 $ctxt$2rdacontent 182 $cc$2rdamedia 183 $acr$2rdacarrier 200 10$aInternational Law, Climate Change and Bangladesh 205 $a1st ed. 210 1$aCham :$cSpringer,$d2025. 210 4$dİ2024. 215 $a1 online resource (469 pages) 225 0 $aLaw and Criminology Series 311 08$a9783031712968 311 08$a303171296X 330 $aThis book explores the possibilities and scope of facilitating Bangladesh's battle against climate change with regard to relevant international legal instruments, as well as national laws and policies. The Post-Paris global climate regime considers adaptation, mitigation, climate finance, technology transfer, capacity building, and compensation for losses and damage associated with climate change as essential tools for combating it. This book includes chapters on each of the above topics. Additionally, it covers integrating digital technologies in climate-smart agricultural practices, government land acquisition practices and their repercussions on changing land conditions, the legal landscape overseeing climate change and foreign direct investment, and the regulatory interplay between domestic trade and climate policies in Bangladesh. The book comprehensively covers climate justice issues by addressing climate-induced migration, access to clean water, gender-responsive climate action, public interest environmental litigation, and, above all, the climate-change-development nexus in Bangladesh. This book is intended for researchers, policymakers, university students, and practitioners in international environmental law and climate change law. 606 $aLAW / Comparative$2bisacsh 606 $aSOCIAL SCIENCE / Criminology$2bisacsh 606 $aSOCIAL SCIENCE / Developing & Emerging Countries$2bisacsh 615 7$aLAW / Comparative 615 7$aSOCIAL SCIENCE / Criminology 615 7$aSOCIAL SCIENCE / Developing & Emerging Countries 700 $aUddin$b Mahatab$01781316 701 $aUddin$01781317 801 0$bMiAaPQ 801 1$bMiAaPQ 801 2$bMiAaPQ 906 $aBOOK 912 $a9910919826503321 996 $aInternational Law, Climate Change and Bangladesh$94306064 997 $aUNINA